|
|
|
|
| LEADER |
00906nas a2200253 i 4500 |
| 003 |
GR-PaULI |
| 008 |
770923d20169999grear p 0 b0eng d |
| 022 |
|
|
|2
|a 0075-4390
|l 0075-4390
|
| 035 |
|
|
|a
|
| 040 |
|
|
|a GR-PaULI
|b gre
|c GR-PaULI
|e AACR2
|
| 082 |
|
4 |
|a 700
|2 23
|
| 222 |
|
0 |
|a
|
| 245 |
0 |
0 |
|a Journal of the Warburg and Courtauld Institutes
|c
|
| 260 |
|
|
|a London :
|b Warburg Institute, University of London
|
| 300 |
|
|
|a v. :
|c 27 εκ.
|
| 310 |
|
|
|a Ετήσιο
|
| 362 |
0 |
|
|a 'Αρχισε με το vol. 79 (2016).
|
| 588 |
|
|
|a Η περιγραφή βασίζεται σε : Vol. 79 (2016).
|
| 650 |
|
0 |
|a Civilization- History
|v Periodicals
|9 166063
|
| 866 |
|
|
|a Vol. 79 (2016)
|
| 942 |
|
|
|2 ddc
|c JNL
|
| 952 |
|
|
|0 0
|1 0
|2 ddc
|4 0
|6 700_000000000000000
|7 1
|9 218085
|a LISP
|b LISP
|c SER
|d 2017-12-12
|i 2855
|l 0
|o 700
|r 2017-12-12 00:00:00
|w 2017-12-12
|y JNL
|
| 998 |
|
|
|c ΙΩΑΝΝΟΥ
|d 2017-08
|
| 999 |
|
|
|c 132125
|d 132125
|